Manual on conservation of soil and water (Record no. 9230)
[ view plain ]
| 000 -LEADER | |
|---|---|
| fixed length control field | 00419cam a2200157ua 4500 |
| 003 - CONTROL NUMBER IDENTIFIER | |
| control field | OSt |
| 008 - FIXED-LENGTH DATA ELEMENTS--GENERAL INFORMATION | |
| fixed length control field | 221007b |||||||| |||| 00| 0 eng d |
| 041 ## - LANGUAGE CODE | |
| Language code of text/sound track or separate title | eng |
| 082 ## - DEWEY DECIMAL CLASSIFICATION NUMBER | |
| Classification number | 631.45 |
| Item number | UNI/MA |
| 100 ## - MAIN ENTRY--AUTHOR NAME | |
| Personal name | United state department of agriculture |
| 245 ## - TITLE STATEMENT | |
| Title | Manual on conservation of soil and water |
| 250 ## - EDITION STATEMENT | |
| Edition statement | 1 / |
| 260 ## - PUBLICATION, DISTRIBUTION, ETC. (IMPRINT) | |
| Place of publication | Calcutta : |
| Name of publisher | Oxford University Press , |
| Year of publication | 1964. |
| 300 ## - PHYSICAL DESCRIPTION | |
| Number of Pages | 206 ; . |
| 942 ## - ADDED ENTRY ELEMENTS (KOHA) | |
| Koha item type | Books |
| Withdrawn status | Lost status | Damaged status | Home library | Current library | Date acquired | Full call number | Accession Number | Koha item type | Public note |
|---|---|---|---|---|---|---|---|---|---|
| Withdrawn | KAUAET | KAUAET | 07/04/2012 | 631.45 UNI/MA | 9909 | Books | Deleted | ||
| KAUAET | KAUAET | 07/04/2012 | 631.45 UNI/MA | 9906 | Books | ||||
| KAUAET | KAUAET | 07/04/2012 | 631.45 UNI/MA | 9907 | Books | ||||
| KAUAET | KAUAET | 07/04/2012 | 631.45 UNI/MA | 9905 | Books | ||||
| KAUAET | KAUAET | 07/04/2012 | 631.45 UNI/MA | 9908 | Books |
